01773nam a22003977a 4500003000500000005001700005008004100022010001100063011001100074035001100085040000900096090001000105100005000115245012300165260004000288500006000328502008400388590003700472590004100509590004100550590004100591590004100632590004100673590004200714650004600756650004300802650003500845856006400880901000700944942000900951949006300960949005801023999001901081952014001100952013501240CHAP20220329143915.0080812s2012 mx r 00010 spa d a103571 a104543 a115233 cCHAP aTesis1 aCortés Carreño, José Cruz Jorge.92833713aLa construcción histórico crítica del sujeto políticoh[En línea]c/por José Cruz Jorge Cortés Carreño aChapingo, Méx. :bEl autor,c2012 aPara ver el contenido del material haga clic en la liga aTesis (Ph. D. en Ciencias Agrarias) -- UACH. Departamento de Sociología Rural aALEPHb10c20130110lUCH01h1545 aBATCH-UPDb10c20130110lUCH01h1707 aBATCH-UPDb10c20130410lUCH01h1053 aBATCH-UPDb10c20130914lUCH01h0937 aBATCH-UPDb10c20140324lUCH01h1531 aBATCH-UPDb10c20141002lUCH01h0853 aCONVERSIONb10c20130109lUCH01h135704aCiencias políticasxFilosofía.92320904aCiencias políticasxHistoria.92321004aFilosofía política.940913 3Finding aiduhttp://10.13.5.2/tesis/115233.pdfzTeclea aqui aBK cFOLL aTesisbBCcTESd33724002345017eTS2fc.2h53609i115233st aTesisbBCcTESd33724002345058eTS1h53608i115233st c103571d103571 00102local4053708TESISaBCbBCcPA_TESISd2019-12-31fTESISl0oTesisp33724002345017r2019-12-31 00:00:00tc.2w2019-12-31yTESIS 00102local4051708TESISaBCbBCcPA_TESISd2019-12-31fTESISl0oTesisp33724002345058r2019-12-31 00:00:00w2019-12-31yTESIS